000 00634nam a22001937a 4500
003 OSt
005 20251030080311.0
008 251030b |||||||| |||| 00| 0 eng d
020 _a978-0-07-252841-1.
040 _aDWCL-Main lib
_cOC
082 _210th ed.
_aCirc. 580 S839i 2006
100 _aStern, Kingsley L.
245 _aIntroductory plant biology laboratory manual 10th ed.
_cStern, Kingsley L.
260 _aBoston :
_bMcGraw-Hill Higher Education,
_cc2006.
300 _aviii, 248 pages :
_billustration (some colored) ;
_c27 cm.
650 _21. Biology.
650 _22. Botany.
942 _2ddc
_cBK-CIRC
_e10th ed.
_kCirc.
_n0
999 _c5360
_d5360